Games You Can Play With a Brick Quiz Stats

 Plays Quiz not verified by Sporcle

Support Sporcle.
Go Orange.
Score 0/7 Timer 03:00
0 Plays Today
How to Play Games % Correct
If you get hit by a brick, then you're 'it.'Brick tag
98.7%
Because goose is just silly.Duck duck brick
68.8%
You really don't want to lie.Truth or brick
36.4%
Make a circle. Blindfold the brickholder. Spin him around until he lets go.Brick roulette
19.5%
This should be an Olympic sport.Jump over the brick
18.2%
More fun than pennies!Drop the brick
16.9%
For the more violent types.Brick conquerers
16.9%

You're not logged in!

Compare scores with friends on all Sporcle quizzes.
OR
Log In

From the Vault

US Capitals

by Matt

If only the Animaniacs were still around to help us.
Remove Ads.
Support Sporcle.
Get the best of Sporcle when you Go Orange. This ad-free experience offers more features, more stats, and more fun while also helping to support Sporcle. Thank you for becoming a member.

Show Comments

Extras

Created Feb 24, 2011SourceReportNominate
Tags:Play Quiz, brick

Top Quizzes Today


Score Distribution

Your Account Isn't Verified!

In order to create a playlist on Sporcle, you need to verify the email address you used during registration. Go to your Sporcle Settings to finish the process.

Report this User

Report this user for behavior that violates our Community Guidelines.

Details: